Tax incentives and charitable contributions in the United States (Registro nro. 25625)

Detalles MARC
000 -LEADER
fixed length control field 00400 a2200121 4500
001 - CONTROL NUMBER
control field ART_11544
005 - DATE AND TIME OF LATEST TRANSACTION
control field 20260410161858.0
008 - FIXED-LENGTH DATA ELEMENTS--GENERAL INFORMATION
fixed length control field 260409a
100 1# - MAIN ENTRY--PERSONAL NAME
Personal name Feldstein, Martin
245 10 - TITLE STATEMENT
Title Tax incentives and charitable contributions in the United States
700 1# - ADDED ENTRY--PERSONAL NAME
Personal name Clotfelter, Charles
773 0# - HOST ITEM ENTRY
Title Journal of public economics
Related parts - Vol. 5, Nº 1/2 (ene./feb. 1976)
Record control number REV11485

No hay ítems disponibles.